00563nam a22001817a 450000500170000001000150001702000260003203500130005803700130007108200080008410000180009224501010011026000420021127000560025330000220030950000190033170000310035020130508112519.0 aENG-106995 a9788170006282c650.00 aEN-90528 bDBAD/PUB a020 aDevarajan, G. aInformation access,tools,services and systems /cby G. Devarajan [and] Joseph Kurien Pulikuthiel aNew DelhibESS ESS Publicationsc2011 a4837/24, Ansari Road, Darya GanjbNew Delhie110002 ax,236p.c23cm(Hb) aIncludes index aPulikuthiel, Joseph Kurien